[Event "CZE-chT1E 2223"]
[Site "Czech Republic"]
[Date "2022.11.26"]
[Round "3.2"]
[White "Blatny, Pavel"]
[Black "Jelinek, Marek"]
[Result "1-0"]
[WhiteElo "2328"]
[BlackElo "2117"]
[PlyCount "61"]
[EventDate "2022.10.08"]
[EventType "team-tourn"]
[EventRounds "11"]
[EventCountry "CZE"]
[SourceTitle "CBM 213 Extra"]
[Source "ChessBase"]
[SourceDate "2023.05.31"]
[SourceVersion "1"]
[SourceVersionDate "2023.05.31"]
[SourceQuality "1"]
[WhiteTeam "Jundrov Jezdci"]
[BlackTeam "Ostrava"]
[WhiteTeamCountry "CZE"]
[BlackTeamCountry "CZE"]

1. d4 Nf6 2. Nf3 d6 3. Nc3 c6 4. e4 Qa5 5. Bd2 Bg4 6. Nd5 Qd8 7. Nxf6+ gxf6 8. h3 Bxf3 9. Qxf3 d5 10. Qb3 Qb6 11. exd5 Qxb3 12. axb3 cxd5 13. Bb5+ Nd7 14. Ke2 a6 15. Ra5 e6 16. b4 Bd6 17. Rha1 Rc8 18. Bd3 Nb8 19. b5 b6 20. R5a4 a5 21. b3 Ke7 22. c4 Nd7 23. cxd5 exd5 24. Bf5 Rc7 25. Kd3 Nf8 26. b4 axb4 27. Ra8 Ng6 28. Re1+ Ne5+ 29. dxe5 Rxa8 30. exd6+ Kxd6 31. Bf4+ 1-0

[Event "CZE-chT1E 2223"]
[Site "Czech Republic"]
[Date "2022.10.09"]
[Round "2.1"]
[White "Blatny, Pavel"]
[Black "Rabatin, Jakub"]
[Result "1/2-1/2"]
[WhiteElo "2328"]
[BlackElo "2275"]
[PlyCount "87"]
[EventDate "2022.10.08"]
[EventType "team-tourn"]
[EventRounds "11"]
[EventCountry "CZE"]
[SourceTitle "CBM 210 Extra"]
[Source "ChessBase"]
[SourceDate "2022.11.30"]
[SourceVersion "1"]
[SourceVersionDate "2022.11.30"]
[SourceQuality "1"]
[WhiteTeam "Jundrov Jezdci"]
[BlackTeam "Frydek Mistek II"]
[WhiteTeamCountry "CZE"]
[BlackTeamCountry "CZE"]

1. g3 g6 2. Bg2 Bg7 3. c4 Nf6 4. Nc3 0-0 5. d4 d6 6. e4 Nc6 7. Nge2 e5 8. d5 Ne7 9. f3 Nh5 10. g4 Nf4 11. Nxf4 exf4 12. Bxf4 f5 13. gxf5 gxf5 14. Qd2 Ng6 15. Bg5 Qe8 16. h4 Ne5 17. Qe2 Qh5 18. 0-0-0 f4 19. Nb5 h6 20. Be7 Rf7 21. Nxc7 Rxe7 22. Nxa8 b6 23. Kb1 Ba6 24. Rc1 Qe8 25. Nxb6 Rb7 26. Bh3 Rxb6 27. Rhg1 Qe7 28. Rg2 Qf6 29. Rcg1 Rb7 30. Bc8 Bxc4 31. Qc2 Bd3 32. Qxd3 Nxd3 33. Bxb7 Kf8 34. Ba6 Nc5 35. Rxg7 Nxa6 36. Rxa7 Qd4 37. Rag7 Qd3+ 38. Ka1 Nb4 39. a3 Nc2+ 40. Ka2 Qxf3 41. R1g6 Qxe4 42. Rg8+ Ke7 43. R8g7+ Kf8 44. Rg8+ 1/2-1/2

[Event "Pardubice rapid op 33rd"]
[Site "Pardubice"]
[Date "2022.07.21"]
[Round "5"]
[White "Blatny, Pavel"]
[Black "Valenta, Vit"]
[Result "1-0"]
[WhiteElo "2325"]
[BlackElo "1996"]
[PlyCount "91"]
[EventDate "2022.07.20"]
[EventType "swiss (rapid)"]
[EventRounds "9"]
[EventCountry "CZE"]
[SourceTitle "CBM 209 Extra"]
[Source "ChessBase"]
[SourceDate "2022.09.30"]
[SourceVersion "1"]
[SourceVersionDate "2022.09.30"]
[SourceQuality "1"]

1. b3 Nf6 2. Bb2 g6 3. g4 h6 4. Bg2 Bg7 5. h4 d5 6. f3 Qd6 7. Kf1 0-0 8. c4 dxc4 9. bxc4 Qb6 10. Qb3 Nbd7 11. Nc3 c6 12. Nh3 e5 13. d3 Nc5 14. Qxb6 axb6 15. Nf2 Be6 16. Kg1 Nfd7 17. Kh2 f5 18. gxf5 gxf5 19. Bh3 Bf6 20. Rhg1+ Kh7 21. h5 Bg5 22. Bc1 Rg8 23. e4 f4 24. Bxe6 Nxe6 25. Ng4 Nd4 26. Rf1 Bh4 27. Kh3 Be7 28. Rb1 Rg5 29. Kg2 Rag8 30. Rg1 Bc5 31. Na4 Nxf3 32. Nxc5 Nxg1 33. Nxd7 Rxg4+ 34. Kf1 Nf3 35. Nf6+ Kh8 36. Nxg4 Rxg4 37. Rxb6 Nh2+ 38. Kf2 f3 39. Rb2 Kg7 40. Rxb7+ Kf6 41. Rb2 Rg2+ 42. Ke3 Rxb2 43. Bxb2 Kg5 44. Kf2 Kg4 45. a4 Kxh5 46. a5 1-0

[Event "CZE-chT2E 2122"]
[Site "Czech Republic"]
[Date "2021.10.17"]
[Round "1.1"]
[White "Barak, David"]
[Black "Blatny, Pavel"]
[Result "0-1"]
[WhiteElo "2125"]
[BlackElo "2313"]
[PlyCount "108"]
[EventDate "2021.10.17"]
[EventType "team-tourn"]
[EventRounds "11"]
[EventCountry "CZE"]
[SourceTitle "EXT 2024"]
[Source "ChessBase"]
[SourceDate "2023.10.10"]
[SourceVersion "1"]
[SourceVersionDate "2023.10.10"]
[SourceQuality "1"]
[WhiteTeam "Jundrov Jezdci"]
[BlackTeam "Jundrov Jezdci II"]
[WhiteTeamCountry "CZE"]
[BlackTeamCountry "CZE"]

1. d4 e6 2. c4 b6 3. Nc3 f5 4. e3 Bb7 5. Qc2 Nf6 6. f3 Nc6 7. a3 g6 8. Bd3 Bg7 9. Nge2 0-0 10. Bd2 Qe7 11. 0-0-0 Rae8 12. Rhe1 e5 13. d5 e4 14. dxc6 exd3 15. Qxd3 dxc6 16. Ng3 Nd7 17. e4 Ne5 18. Qc2 f4 19. Nge2 g5 20. Nb1 a5 21. Bc3 Qc5 22. Nd2 Qf2 23. Nd4 Rf7 24. Re2 Qh4 25. h3 Qh5 26. Nf5 Bf6 27. Nb3 c5 28. Kb1 Bc6 29. Nc1 Nd7 30. Red2 Qg6 31. Ne2 Be5 32. Ka2 Qe6 33. Qd3 b5 34. Kb1 b4 35. Bxe5 Nxe5 36. Qc2 bxa3 37. b3 a4 38. Ka2 Rff8 39. Rb1 Rb8 40. Nc3 axb3+ 41. Rxb3 Qxc4 42. Nd5 Bxd5 43. Ne7+ Kf7 44. Nxd5 c6 45. Nc3 Rb4 46. Nb1 Rfb8 47. Qxc4+ Nxc4 48. Rdd3 Na5 49. Rxb4 cxb4 50. Nd2 Ke6 51. Nb3 Nxb3 52. Kxb3 c5 53. Kc2 c4 54. Rd4 b3+ 0-1

[Event "CZE-chT1E 1920"]
[Site "Czech Republic"]
[Date "2020.06.13"]
[Round "10.5"]
[White "Adamek, Jiri"]
[Black "Blatny, Pavel"]
[Result "1/2-1/2"]
[WhiteElo "2312"]
[BlackElo "2319"]
[PlyCount "58"]
[EventDate "2019.10.20"]
[EventType "team-tourn"]
[EventRounds "11"]
[EventCountry "CZE"]
[SourceTitle "EXT 2021"]
[Source "ChessBase"]
[SourceDate "2020.10.23"]
[SourceVersion "1"]
[SourceVersionDate "2020.10.23"]
[SourceQuality "1"]
[WhiteTeam "Poruba Slavoj II"]
[BlackTeam "Brno Moravska Slavia II"]
[WhiteTeamCountry "CZE"]
[BlackTeamCountry "CZE"]

1. d4 e6 2. c4 d5 3. Nc3 Bb4 4. e3 Nf6 5. Nf3 Ne4 6. Bd2 Nxd2 7. Nxd2 Nc6 8. cxd5 exd5 9. Qb3 Bxc3 10. bxc3 0-0 11. Be2 Ne7 12. 0-0 c6 13. c4 Qa5 14. Nf3 Rb8 15. cxd5 Nxd5 16. Ne5 Be6 17. Qb2 Qc3 18. Qxc3 Nxc3 19. Bf3 f6 20. Nd3 Bc4 21. Rfc1 Bxd3 22. Rxc3 Bg6 23. Kf1 Rfd8 24. Rac1 Kf8 25. Ra3 a6 26. Rb3 Ke7 27. Ke2 Bf7 28. Rb2 Kd7 29. a3 Kc7 1/2-1/2

[Event "CZE-chT1E 1920"]
[Site "Czech Republic"]
[Date "2020.02.02"]
[Round "7.5"]
[White "Sikorova, Olga"]
[Black "Blatny, Pavel"]
[Result "0-1"]
[WhiteElo "2234"]
[BlackElo "2319"]
[PlyCount "104"]
[EventDate "2019.10.20"]
[EventType "team-tourn"]
[EventRounds "11"]
[EventCountry "CZE"]
[SourceTitle "CBM 194 Extra"]
[Source "ChessBase"]
[SourceDate "2020.03.31"]
[SourceVersion "1"]
[SourceVersionDate "2020.03.31"]
[SourceQuality "1"]
[WhiteTeam "Trinec"]
[BlackTeam "Brno Moravska Slavia II"]
[WhiteTeamCountry "CZE"]
[BlackTeamCountry "CZE"]

1. Nf3 d6 2. g3 e5 3. d3 g6 4. Bg2 Bg7 5. 0-0 Ne7 6. c4 c6 7. Nc3 h6 8. e4 Be6 9. b3 Qd7 10. Be3 Bh3 11. d4 f6 12. dxe5 dxe5 13. Qxd7+ Bxd7 14. Rad1 Be6 15. Rd6 Kf7 16. Rfd1 Nc8 17. R6d3 Bf8 18. h4 Be7 19. Kh2 g5 20. Ne1 Na6 21. f4 Bg4 22. Bf3 Bxf3 23. Nxf3 g4 24. Ne1 Nb6 25. Nc2 h5 26. Kg2 Rhe8 27. f5 Bc5 28. Kf2 Bxe3+ 29. Kxe3 Nc5 30. R3d2 a5 31. Na3 Ke7 32. Ne2 Na6 33. Nc1 Rec8 34. Nc2 Rc7 35. a4 Nc5 36. Na3 Rd7 37. Nd3 Nxd3 38. Rxd3 Rxd3+ 39. Rxd3 Nd7 40. Nb1 Nc5 41. Rd1 Nxb3 42. Nc3 Nc5 43. Rd2 Ra6 44. Rb2 Kd6 45. Kd2 Kc7 46. Ke3 Ra8 47. Rd2 Nd7 48. Rd1 Nb6 49. c5 Nd7 50. Rd6 Rf8 51. Re6 Kd8 52. Rd6 Ke7 0-1

[Event "North American op 29th"]
[Site "Las Vegas"]
[Date "2019.12.29"]
[Round "8"]
[White "Raptis, Nick"]
[Black "Blatny, Pavel"]
[Result "0-1"]
[WhiteElo "2232"]
[BlackElo "2331"]
[PlyCount "104"]
[EventDate "2019.12.26"]
[EventType "swiss"]
[EventRounds "9"]
[EventCountry "USA"]
[SourceTitle "CBM 194 Extra"]
[Source "ChessBase"]
[SourceDate "2020.03.31"]
[SourceVersion "1"]
[SourceVersionDate "2020.03.31"]
[SourceQuality "1"]

1. g3 d5 2. Bg2 e6 3. f4 g6 4. Nf3 Bg7 5. 0-0 c6 6. Nc3 b5 7. d3 Qb6+ 8. Kh1 Nf6 9. a3 c5 10. e4 d4 11. Ne2 h6 12. h3 Nc6 13. g4 e5 14. fxe5 Nd7 15. Nf4 Ndxe5 16. Nd5 Qd8 17. Bf4 Be6 18. a4 b4 19. Qe1 g5 20. Bxe5 Nxe5 21. Qg3 Qd6 22. c3 dxc3 23. bxc3 Bxd5 24. exd5 0-0-0 25. d4 Nxf3 26. Qxf3 c4 27. Qe2 Qc7 28. cxb4 Rhe8 29. Qf2 c3 30. Rfc1 Qf4 31. Qa2 Qxd4 32. Rd1 Qf4 33. Rf1 Qc7 34. d6 Rxd6 35. Rxf7 Re7 36. Rxe7 Qxe7 37. Qc4+ Kd8 38. Rf1 Qe6 39. Qb5 Ke7 40. Qc5 Bd4 41. Qc7+ Rd7 42. Qc8 Bf6 43. b5 Qe5 44. Bc6 Rd2 45. Qe8+ Kd6 46. Qf8+ Kc7 47. Bg2 c2 48. Qf7+ Be7 49. a5 Rd1 50. b6+ axb6 51. axb6+ Kxb6 52. Qf2+ Qc5 0-1

[Event "CZE-chT2E 1920"]
[Site "Czech Republic"]
[Date "2019.11.03"]
[Round "2.3"]
[White "Karlik, Vladimir"]
[Black "Blatny, Pavel"]
[Result "1/2-1/2"]
[WhiteElo "2119"]
[BlackElo "2319"]
[PlyCount "33"]
[EventDate "2019.10.13"]
[EventType "team-tourn"]
[EventRounds "11"]
[EventCountry "CZE"]
[SourceTitle "EXT 2024"]
[Source "ChessBase"]
[SourceDate "2023.10.10"]
[SourceVersion "1"]
[SourceVersionDate "2023.10.10"]
[SourceQuality "1"]
[WhiteTeam "Kromeriz Slavia II"]
[BlackTeam "Lipovec Garde"]
[WhiteTeamCountry "CZE"]
[BlackTeamCountry "CZE"]

1. d4 e6 2. e4 d5 3. Nc3 dxe4 4. Nxe4 Be7 5. Nf3 Nd7 6. Bd3 Ngf6 7. c3 Nxe4 8. Bxe4 c5 9. 0-0 cxd4 10. Nxd4 Nc5 11. Bc2 e5 12. Nf5 Qxd1 13. Rxd1 Bxf5 14. Bxf5 Rd8 15. Rxd8+ Kxd8 16. Be3 Kc7 17. Rd1 1/2-1/2

[Event "EUR-chT Seniors 50"]
[Site "Mali Losinj"]
[Date "2019.09.26"]
[Round "9.1"]
[White "Ledger, Andrew"]
[Black "Blatny, Pavel"]
[Result "1-0"]
[WhiteElo "2343"]
[BlackElo "2325"]
[PlyCount "81"]
[EventDate "2019.09.18"]
[EventType "team-swiss"]
[EventRounds "9"]
[EventCountry "CRO"]
[SourceTitle "EXT 2020"]
[Source "ChessBase"]
[SourceDate "2019.10.17"]
[SourceVersion "1"]
[SourceVersionDate "2019.10.17"]
[SourceQuality "1"]
[WhiteTeam "England 50"]
[BlackTeam "Czech Republic 50"]
[WhiteTeamCountry "ENG"]
[BlackTeamCountry "CZE"]

1. e4 b6 2. d4 Bb7 3. Bd3 e6 4. Nf3 d6 5. 0-0 Nd7 6. Re1 g6 7. Nbd2 Bg7 8. Nf1 Ne7 9. c3 h6 10. Ng3 a6 11. a4 c5 12. Be3 Qc7 13. Qe2 e5 14. dxe5 dxe5 15. Red1 Nf6 16. b4 0-0 17. a5 c4 18. Bxc4 bxa5 19. Bc5 Rfc8 20. Rxa5 Nc6 21. Raa1 Nb8 22. Ba2 Ne8 23. Qc4 a5 24. h4 Na6 25. h5 g5 26. Nf5 Nxc5 27. bxc5 Ba6 28. Qa4 Qxc5 29. Bd5 Bb5 30. Qa2 Ra7 31. Rab1 Nf6 32. Bxf7+ Rxf7 33. Rxb5 Qf8 34. Nxe5 Nxe4 35. Nxf7 Nxc3 36. N7xh6+ Kh7 37. Qe6 Qe8 38. Qg6+ Qxg6 39. hxg6+ Kxg6 40. Rb6+ Bf6 41. Ne7+ 1-0

[Event "EUR-chT Seniors 50"]
[Site "Mali Losinj"]
[Date "2019.09.19"]
[Round "2.3"]
[White "Blatny, Pavel"]
[Black "Sulc, Damir"]
[Result "1-0"]
[WhiteElo "2325"]
[BlackElo "2207"]
[PlyCount "75"]
[EventDate "2019.09.18"]
[EventType "team-swiss"]
[EventRounds "9"]
[EventCountry "CRO"]
[SourceTitle "EXT 2020"]
[Source "ChessBase"]
[SourceDate "2019.10.17"]
[SourceVersion "1"]
[SourceVersionDate "2019.10.17"]
[SourceQuality "1"]
[WhiteTeam "Czech Republic 50"]
[BlackTeam "Croatia 50 II"]
[WhiteTeamCountry "CZE"]
[BlackTeamCountry "CRO"]

1. e3 d5 2. b3 Nf6 3. Bb2 c6 4. f4 Bg4 5. Nf3 Nbd7 6. Be2 g6 7. 0-0 Bg7 8. c4 0-0 9. cxd5 cxd5 10. Qe1 Bxf3 11. Bxf3 Nc5 12. Qe2 Rc8 13. g4 e6 14. g5 Ne8 15. d4 Ne4 16. Bxe4 dxe4 17. Nc3 f5 18. gxf6 Nxf6 19. Qg2 Nd5 20. Nd1 Nf6 21. Re1 Qa5 22. Re2 Rc6 23. Nf2 Qf5 24. h3 h5 25. Kh2 Rfc8 26. Rg1 Kf7 27. Nh1 Bh6 28. Ng3 Qd5 29. Nf1 Qf5 30. Nd2 b5 31. Ba3 Rh8 32. Kh1 Rc2 33. Nxe4 Rxe2 34. Nd6+ Kg8 35. Qa8+ Kh7 36. Qxa7+ Bg7 37. Nxf5 exf5 38. Qf7 1-0

[Event "Pardubice op rapid 30th"]
[Site "Pardubice"]
[Date "2019.07.19"]
[Round "9"]
[White "Slovak, Kilian"]
[Black "Blatny, Pavel"]
[Result "0-1"]
[WhiteElo "2242"]
[BlackElo "2321"]
[PlyCount "70"]
[EventDate "2019.07.17"]
[EventType "swiss (rapid)"]
[EventRounds "9"]
[EventCountry "CZE"]
[SourceTitle "CBM 191 Extra"]
[Source "ChessBase"]
[SourceDate "2019.09.30"]
[SourceVersion "1"]
[SourceVersionDate "2019.09.30"]
[SourceQuality "1"]

1. e4 b6 2. d4 Bb7 3. Bd3 e6 4. Nf3 Ne7 5. 0-0 g6 6. c4 Bg7 7. Nc3 d6 8. Be3 Nd7 9. Qc2 h6 10. b4 g5 11. d5 g4 12. Nd2 Ne5 13. Be2 h5 14. Rac1 a5 15. a3 h4 16. dxe6 fxe6 17. c5 axb4 18. axb4 bxc5 19. bxc5 d5 20. Nb3 h3 21. g3 dxe4 22. Nd4 Bd5 23. Rfd1 Qc8 24. Bb5+ c6 25. Be2 0-0 26. Nxe4 Ra2 27. Qb1 Nf5 28. Nxf5 exf5 29. Nd2 Qe6 30. Rc2 Ra4 31. Qb7 Ng6 32. Bd3 Ra3 33. Bc4 Bxc4 34. Nxc4 Qe4 35. Kf1 Qxc2 0-1

[Event "Pardubice op rapid 30th"]
[Site "Pardubice"]
[Date "2019.07.18"]
[Round "5"]
[White "Uhmann, Jan Jr"]
[Black "Blatny, Pavel"]
[Result "1-0"]
[WhiteElo "2043"]
[BlackElo "2321"]
[PlyCount "123"]
[EventDate "2019.07.17"]
[EventType "swiss (rapid)"]
[EventRounds "9"]
[EventCountry "CZE"]
[SourceTitle "CBM 191 Extra"]
[Source "ChessBase"]
[SourceDate "2019.09.30"]
[SourceVersion "1"]
[SourceVersionDate "2019.09.30"]
[SourceQuality "1"]

1. e4 b6 2. d4 Bb7 3. Nc3 e6 4. f3 Ne7 5. Be3 g6 6. Qd2 h6 7. Bc4 Bg7 8. Nge2 a6 9. e5 d5 10. exd6 cxd6 11. d5 b5 12. Bb3 e5 13. f4 Nd7 14. Ne4 Qc7 15. g4 h5 16. g5 Nf5 17. N2g3 Nxe3 18. Qxe3 Nb6 19. 0-0-0 0-0-0 20. Nf6 Bxf6 21. gxf6 Rhe8 22. Rhe1 Nc4 23. Qf2 exf4 24. Rxe8 Rxe8 25. Qxf4 Ne5 26. Ne4 a5 27. Nc3 Ba6 28. a4 b4 29. Nb5 Bxb5 30. axb5 Qc5 31. Qd4 Qxd4 32. Rxd4 Kb7 33. c4 Kb6 34. Rd1 Kc5 35. Kb1 Ra8 36. Rc1 a4 37. Bd1 Nd3 38. Rc2 b3 39. Re2 Ne5 40. Re4 Nxc4 41. Re7 Ne5 42. Be2 Kxd5 43. Rxf7 Nxf7 44. Bf3+ Ke5 45. Bxa8 Kxf6 46. b6 Nd8 47. Bg2 g5 48. b7 Nxb7 49. Bxb7 Ke5 50. Kc1 g4 51. Kd2 Kf4 52. Bc6 h4 53. Bxa4 Kf3 54. Bc6+ Kf2 55. Kc3 Kg1 56. Bd7 g3 57. hxg3 hxg3 58. Kxb3 Kf2 59. Bc6 g2 60. Bxg2 Kxg2 61. Kc4 Kf3 62. Kd5 1-0

[Event "Pardubice op rapid 30th"]
[Site "Pardubice"]
[Date "2019.07.17"]
[Round "3"]
[White "Meleshko, Vladimir"]
[Black "Blatny, Pavel"]
[Result "1-0"]
[WhiteElo "2270"]
[BlackElo "2321"]
[PlyCount "93"]
[EventDate "2019.07.17"]
[EventType "swiss (rapid)"]
[EventRounds "9"]
[EventCountry "CZE"]
[SourceTitle "CBM 191 Extra"]
[Source "ChessBase"]
[SourceDate "2019.09.30"]
[SourceVersion "1"]
[SourceVersionDate "2019.09.30"]
[SourceQuality "1"]

1. e4 b6 2. d4 Bb7 3. Nc3 e6 4. g3 g6 5. Bg2 Bg7 6. Be3 Ne7 7. Qd2 Nf5 8. Bg5 f6 9. Bf4 Nxd4 10. Qxd4 e5 11. Bxe5 fxe5 12. Qd2 Nc6 13. Nd5 Ne7 14. 0-0-0 Nxd5 15. exd5 0-0 16. Be4 a5 17. h4 Qf6 18. Nf3 a4 19. a3 Ra5 20. h5 c6 21. d6 Rd5 22. Qb4 Rxd1+ 23. Kxd1 b5 24. Qc5 g5 25. h6 Bxh6 26. Nxe5 Qe6 27. f3 Rf6 28. Ke2 Qxd6 29. Qxd6 Rxd6 30. Nd3 Bc8 31. g4 Re6 32. Kd2 Kg7 33. Bf5 Re7 34. Nc5 Re5 35. Ne4 c5 36. Rh5 Bb7 37. Nxg5 Rd5+ 38. Ke2 Re5+ 39. Kf2 Bxg5 40. Rxg5+ Kf6 41. f4 Rd5 42. Rh5 Rd4 43. Rh6+ Ke7 44. Ke3 Kd8 45. Rxh7 Rd1 46. g5 Rg1 47. Rxd7+ 1-0

[Event "CZE-ch"]
[Site "Ostrava"]
[Date "2019.04.27"]
[Round "1"]
[White "Neumann, Filip"]
[Black "Blatny, Pavel"]
[Result "1-0"]
[WhiteElo "2076"]
[BlackElo "2326"]
[PlyCount "67"]
[EventDate "2019.04.27"]
[EventType "swiss"]
[EventRounds "9"]
[EventCountry "CZE"]
[SourceTitle "CBM 190 Extra"]
[Source "ChessBase"]
[SourceDate "2019.07.15"]
[SourceVersion "1"]
[SourceVersionDate "2019.07.15"]
[SourceQuality "1"]

1. e4 b6 2. d4 Bb7 3. Bd3 e6 4. Nf3 g6 5. 0-0 Bg7 6. c4 Ne7 7. Nc3 d6 8. Be3 Nd7 9. Rc1 h6 10. b4 a5 11. a3 g5 12. c5 axb4 13. axb4 bxc5 14. bxc5 dxc5 15. dxc5 g4 16. Ne1 h5 17. Bb5 c6 18. Be2 Qc7 19. Nd3 Ng6 20. f4 gxf3 21. Bxf3 Nde5 22. Nxe5 Bxe5 23. h3 Rd8 24. Qe2 Qa5 25. Bxh5 Ba6 26. Bxg6 Bxe2 27. Bxf7+ Kd7 28. Nxe2 Qa2 29. Nf4 Qa3 30. Rcd1+ Kc8 31. Bxe6+ Kc7 32. Rde1 Bc3 33. Rb1 Bd2 34. Nd5+ 1-0

[Event "CZE-chT2E 1819"]
[Site "Czech Republic"]
[Date "2018.10.14"]
[Round "1.2"]
[White "Blatny, Pavel"]
[Black "Vitak, Pavel"]
[Result "1-0"]
[WhiteElo "2336"]
[BlackElo "2263"]
[PlyCount "153"]
[EventDate "2018.10.14"]
[EventType "team-tourn"]
[EventRounds "11"]
[EventCountry "CZE"]
[SourceTitle "EXT 2022"]
[Source "ChessBase"]
[SourceDate "2021.10.06"]
[SourceVersion "1"]
[SourceVersionDate "2021.10.06"]
[SourceQuality "1"]
[WhiteTeam "Lipovec Garde"]
[BlackTeam "Vsetin"]
[WhiteTeamCountry "CZE"]
[BlackTeamCountry "CZE"]

1. f4 c5 2. e3 g6 3. b3 Bg7 4. Nc3 e6 5. Bb2 d5 6. Na4 Bxb2 7. Nxb2 Nc6 8. Nf3 Qd6 9. Nd3 Nge7 10. g4 f6 11. g5 fxg5 12. Nxg5 e5 13. fxe5 Nxe5 14. Nxe5 Qxe5 15. Nf3 Qf6 16. Bg2 Bg4 17. 0-0 0-0 18. Qe1 Bxf3 19. Bxf3 Qe5 20. Rc1 Rad8 21. Qg3 Qxg3+ 22. hxg3 b6 23. c3 Kg7 24. Kg2 Rd6 25. Be2 Rdf6 26. Rxf6 Rxf6 27. Bf3 Re6 28. Bg4 Rf6 29. Re1 h5 30. Bf3 Re6 31. Rb1 Re5 32. c4 Kh6 33. Kf2 Kg5 34. Rc1 dxc4 35. bxc4 Nf5 36. Rc3 Nd6 37. d4 Rf5 38. Ke2 cxd4 39. exd4 Ra5 40. a3 Nf5 41. Kd3 Ng7 42. Bd5 Ne8 43. Ke4 Kf6 44. c5 bxc5 45. dxc5 Ra4+ 46. Kf3 Nc7 47. Bc6 Ra5 48. Ke4 Ke6 49. Kd4 Ke7 50. Kc4 Ra6 51. Re3+ Kf6 52. Bd7 g5 53. Rd3 Ke5 54. Re3+ Kf6 55. a4 Kf7 56. Rd3 h4 57. g4 Kf6 58. Re3 Kf7 59. Rb3 Ke7 60. Rd3 Kf6 61. Kb4 Ke5 62. Kc4 Ke4 63. Bf5+ Ke5 64. Bd7 Ke4 65. Rd6 Ke5 66. Rd3 Ke4 67. Rb3 Ke5 68. Rb8 Rf6 69. Bf5 Kf4 70. Rb7 Rf7 71. c6 h3 72. Rb3 Rf6 73. Rxh3 Rxc6+ 74. Kd4 Ra6 75. Kc5 Rxa4 76. Rh7 Na6+ 77. Kb5 1-0

[Event "Pardubice Czech op-E 29th"]
[Site "Pardubice"]
[Date "2018.07.15"]
[Round "6"]
[White "Novotny, Michal"]
[Black "Blatny, Pavel"]
[Result "1-0"]
[WhiteElo "2304"]
[BlackElo "2335"]
[PlyCount "119"]
[EventDate "2018.07.12"]
[EventType "team"]
[EventRounds "7"]
[EventCountry "CZE"]
[SourceTitle "EXT 2019"]
[Source "ChessBase"]
[SourceDate "2018.10.10"]
[SourceVersion "1"]
[SourceVersionDate "2018.10.10"]
[SourceQuality "1"]
[WhiteTeam "Polabiny"]
[BlackTeam "Brno Moravska Slavia"]
[WhiteTeamCountry "CZE"]
[BlackTeamCountry "CZE"]

1. d4 e6 2. e4 b6 3. Nf3 Bb7 4. Bd3 d6 5. 0-0 Nd7 6. Re1 g6 7. Nc3 Bg7 8. a4 a6 9. Be3 Ne7 10. Qd2 h6 11. Rad1 Kf8 12. Qe2 Kg8 13. Nb1 Qb8 14. c3 Qa7 15. Nbd2 Re8 16. Nf1 Qa8 17. Bc1 Kh7 18. Ng3 Rhf8 19. Bc2 Ng8 20. Qc4 Qd8 21. h3 Kh8 22. Nh2 Ndf6 23. Qf1 Qa8 24. e5 dxe5 25. dxe5 Nd5 26. f4 Rd8 27. f5 exf5 28. Nxf5 Nde7 29. Nxg7 Kxg7 30. Ng4 h5 31. Nf6 Rxd1 32. Rxd1 Rd8 33. Re1 Qc8 34. Qf4 Nd5 35. Qg5 Ndxf6 36. exf6+ Kf8 37. Bxg6 fxg6 38. f7 Rd6 39. Re8+ Kxf7 40. Rxc8 Bxc8 41. Bf4 Rd1+ 42. Kf2 Nf6 43. Ke2 Rd5 44. Be5 Nd7 45. Qf4+ Ke8 46. Bxc7 Bb7 47. Qh6 Nf8 48. Qe3+ Kf7 49. Qxb6 Bc8 50. Bd6 Ne6 51. Qa7+ Kg8 52. Qe7 a5 53. Ke1 Ng7 54. c4 Rd3 55. Be5 Rd7 56. Qf6 Bb7 57. c5 Bxg2 58. c6 Rf7 59. Qxg6 Re7 60. Qf6 1-0